header

Flat stanleys worldwide adventure (Record no. 263875)

MARC details
000 -LEADER
fixed length control field 00503nam a22001697a 4500
003 - CONTROL NUMBER IDENTIFIER
control field OSt
005 - DATE AND TIME OF LATEST TRANSACTION
control field 20240614093105.0
008 - FIXED-LENGTH DATA ELEMENTS--GENERAL INFORMATION
fixed length control field 240614b xxu||||| |||| 00| 0 eng d
020 ## - INTERNATIONAL STANDARD BOOK NUMBER
International Standard Book Number 139780545206839;100545206839.
040 ## - CATALOGING SOURCE
Transcribing agency N/A
050 ## - LIBRARY OF CONGRESS CALL NUMBER
Classification number NONE
Item number N/A
100 ## - MAIN ENTRY--PERSONAL NAME
Personal name Heuer jennifer
Dates associated with a name 2009
245 ## - TITLE STATEMENT
Title Flat stanleys worldwide adventure
Remainder of title the mount rushmore calamity
Statement of responsibility, etc byJennifer Heuer;macky pamintuan
260 ## - PUBLICATION, DISTRIBUTION, ETC. (IMPRINT)
Place of publication, distribution, etc New york
Name of publisher, distributor, etc scholastic
Date of publication, distribution, etc 2009
300 ## - PHYSICAL DESCRIPTION
Extent 71p
Other physical details ill;
Dimensions 14 by 20cm
942 ## - ADDED ENTRY ELEMENTS (KOHA)
Source of classification or shelving scheme Library of Congress Classification
Koha item type Long Loan Books
Holdings
Withdrawn status Lost status Source of classification or shelving scheme Damaged status Not for loan Collection code Home library Current library Shelving location Date acquired Total Checkouts Full call number Barcode Date last seen Price effective from Koha item type
    Library of Congress Classification     Fiction Rongo University Library Rongo University Library Children's Area 14/06/2024   NONE N/A CL20243445 14/06/2024 14/06/2024 Long Loan Books

© 2026 Rongo University
Contact us: librarian | system librarian | Rongo university